01459nam a2200373 a 4500001001000000003000900010005001700019007000300036008004100039020001800080040003100098082002900129100003500158245015200193264004300345300003100388336002700419337003300446338002800479500006500507504000600572590002700578650005200605650002800657650004600685650004500731650004100776700004400817700003200861910004000893942001200933952012300945999001701068000015652DO-SdBPM20250725115217.0ta100217s2009 mx a 000 0 spa d a9786070701924 aDO-SdBPMbspacBPMSU drda a616.831bP516u 20092221 aPeyronnet, Mireillo eautord 13aLa enfermedad de alzheimer :bprevención y tratamiento naturales /cMaireille Peyronnet, Jean-Loup Dervaux ; tradución Mario Valverde Garcés  aMéxico :bEditorial Planeta, c2009. a208 páginas ;c21 cm.b  atextobtxt2rdacontent asin mediaciónbn2rdamedia avolumenbnc2rdacarrier aIncluye datos biográficos del autora en la contracubierta  a  a Inventariado, 2025/VM 7aEnfermedad de alzheimerxCuidado y tratamiento. 7aDemencia (Enfermedades) 7aEnfermedades del sistema nervioso central 7aEnvejecimientoxAspectos fisiológicos. 7aCuidadoresxAspectos psicológicos.1 a Valverde Garcés, Marioetradución1 aDervaux, Jean-Loupeautor  aVMateo V. Control de calidad BPMSU  2ddccBK 00102ddc708CGaBPMETbBPMETd2025-07-25l0oBPMSU CG 616.831 P516u 2009pBPMSU25070049r2025-07-25w2025-07-25yBK c15270d15270